Pioneer maanok hindi byakaran totha rochona (Record no. 8477)

MARC details
000 -LEADER
fixed length control field 00529cam a2200193ua 4500
008 - FIXED-LENGTH DATA ELEMENTS--GENERAL INFORMATION
fixed length control field 160317n ii |||gr||||Z||||||hin
040 ## - CATALOGING SOURCE
Transcribing agency MAIN
041 ## - LANGUAGE CODE
-- hin
082 ## - DEWEY DECIMAL CLASSIFICATION NUMBER
Classification number 491.435
100 ## - MAIN ENTRY--PERSONAL NAME
Personal name Upadhyay, Ashok Kumar,
Relator term
245 ## - TITLE STATEMENT
Title Pioneer maanok hindi byakaran totha rochona
Statement of responsibility, etc. by Ashok Kumar Upadhyay
250 ## - EDITION STATEMENT
Edition statement Rev. & enl. ed.
260 ## - PUBLICATION, DISTRIBUTION, ETC.
Place of publication, distribution, etc. Delhi:
Name of publisher, distributor, etc. Dhanpat Rai & co.,
Date of publication, distribution, etc. 2007.
300 ## - PHYSICAL DESCRIPTION
Extent 488+44p.
942 ## - ADDED ENTRY ELEMENTS (KOHA)
Koha item type Books
653 ## - INDEX TERM--UNCONTROLLED
Uncontrolled term East Indo-European & Celtic languages
653 ## - INDEX TERM--UNCONTROLLED
Uncontrolled term Hindi grammar
Holdings
Withdrawn status Lost status Damaged status Not for loan Home library Current library Shelving location Date acquired Total Checkouts Full call number Barcode Date last seen Date last checked out Copy number Price effective from Koha item type
        Central Library, Naharkatiya College Central Library, Naharkatiya College General Stacks 19/09/2020 4 491.435 | UPA 18817 08/03/2021 01/03/2021 1 19/09/2020 Books
        Central Library, Naharkatiya College Central Library, Naharkatiya College General Stacks 19/09/2020   491.435 | UPA 18818 19/09/2020   2 19/09/2020 Books
        Central Library, Naharkatiya College Central Library, Naharkatiya College General Stacks 19/09/2020   491.435 | UPA 18819 19/09/2020   3 19/09/2020 Books

Naharkatiya College © 2020. All rights reserved.

Powered By